Efektivní vzdělávání zaměstnanců
Saved in:
| Main Author: | |
|---|---|
| Other Authors: | |
| Format: | Book |
| Language: | Czech |
| Published: |
Praha
Grada Publishing
2011
|
| Edition: | 2. aktual. a rozšír. vyd. |
| Subjects: | |
| Tags: |
No Tags, Be the first to tag this record!
|
MARC
| LEADER | 00000nam a2200000 4500 | ||
|---|---|---|---|
| 001 | 0199147 | ||
| 005 | 20240313132840.5 | ||
| 020 | |a 978-80-247-3651-8 | ||
| 041 | 0 | |a cze | |
| 044 | |a CZ | ||
| 245 | 1 | 0 | |a Efektivní vzdělávání zaměstnanců |c Josef Vodák, Alžbeta Kucharčíková |
| 250 | |a 2. aktual. a rozšír. vyd. | ||
| 264 | 1 | |a Praha |b Grada Publishing |c 2011 | |
| 300 | |a 237 s. | ||
| 610 | 2 | 0 | |a vzdelávanie dospelých |
| 610 | 2 | 0 | |a vzdelávanie ďalšie |
| 610 | 2 | 0 | |a zamestnanci |
| 610 | 2 | 0 | |a kapitál ľudský |
| 610 | 2 | 0 | |a zdroje ľudské |
| 610 | 2 | 0 | |a náklady na vzdelanie |
| 610 | 2 | 0 | |a talenty |
| 100 | 1 | |a Vodák, Jozef | |
| 700 | 1 | |a Kucharčíková, Alžbeta | |